Normal view
MARC view
Entry Personal Name
001 - CONTROL NUMBER
- control field: 51708
003 - CONTROL NUMBER IDENTIFIER
- control field: ARRUPE
005 - DATE AND TIME OF LATEST TRANSACTION
- control field: 20220520082002.0
008 - FIXED-LENGTH DATA ELEMENTS
- fixed length control field: 220520|| aca||aabn | a|a d
040 ## - CATALOGING SOURCE
- Original cataloging agency: ARRUPE
- Transcribing agency: ARRUPE
100 ## - HEADING--PERSONAL NAME
- Personal name: Behrens, S. J.
- Fuller form of name: (Shirley J.)
670 ## - SOURCE DATA FOUND
- Source citation: Work cat.: (ARRUPE)131475: Behrens, S. J. (Shirley J.), Mastering information skills /, c1999.